000 01192nab a22002297a 4500
999 _c5981
_d5981
003 OSt
005 20260115174247.0
008 190605e xxu||||| |||| 00| 0 spa d
040 _cPJ
100 _96808
_aBetemps, Enrique A.
245 1 3 _aPago de retribuciones en moneda extranjera y en cuentas en el exterior /
_cEnrique A. Betemps.
260 _aCiudad Autónoma de Buenos Aires :
_bThomson Reuters La Ley,
_c2022.
300 _ap. 23-28
500 _aCita: TR LALEY AR/DOC/2378/2022.
505 _aSumario: I. Introducción.— II. Normativa de aplicación.— III. Argumentos contrarios al pago de salarios en moneda extranjera o en el exterior. Riesgos.— IV. Fundamentos favorables al pago de retribuciones en moneda extranjera o en el exterior.— V. Nuestra opinión.— VI. Conclusiones.
505 _t¿Te interesa el texto completo? Solicitalo al correo: koha@justierradelfuego.gov.ar
650 0 _91316
_aDERECHO LABORAL
650 0 _91318
_aREMUNERACION
650 0 _93470
_aMONEDA EXTRANJERA
773 0 _02711
_93168
_dCiudad Autónoma de Buenos Aires : Thomson Reuters La Ley, 1999-2002.
_tRevista de derecho del trabajo. Nº 6 - Noviembre 2022
942 _2udc
_cANA